00485nam a2200193Ia 450000500170000000800410001702000100005804000190006804100120008708200130009910000200011224500570013225000110018926000270020050400190022765000140024670000210026085000100028120240604101045.0131103s9999 xx 000 0 und d cRs.12 aLoreto College aEnglish a540bAST aAstle, Melvin J aOrganic ChemistrycMelvin J Astle and J Reid Shelton a2nd ed aCalcuttabOxfofdc1970 aIncludes index aChemistry aShelton, J Reid  aLCBED